Countries with Six Letters - One Minute Sprint - Statistics

General Stats
  • This quiz has been taken 286 times
  • The average score is 11 of 32
Answer Stats
Continent Country % Correct
Europe France
61%
South America Brazil
60%
North America Canada
53%
South America Guyana
47%
North America Mexico
47%
Europe Norway
47%
Europe Sweden
45%
Oceania Tuvalu
44%
Europe Greece
43%
Europe Russia
40%
Europe Poland
39%
North America Belize
38%
North America Panama
37%
Africa Angola
34%
Europe Latvia
33%
Asia Israel
30%
Asia Jordan
28%
Europe Serbia
28%
Africa Zambia
28%
Africa Gambia
27%
Asia Bhutan
25%
Africa Rwanda
24%
Asia Turkey
24%
Africa Guinea
22%
Europe Monaco
22%
Europe Kosovo
21%
Africa Malawi
21%
Africa Uganda
21%
Asia Cyprus
18%
Asia Taiwan
18%
Asia Brunei
17%
Asia Kuwait
15%
No matching quizzes found
Score Distribution
Percent of People with Each Score
Percentile by Number Answered
Your Score History
You have not taken this quiz